Theory of automata and formal languages (Record no. 4977)
[ view plain ]
| 000 -LEADER | |
|---|---|
| fixed length control field | 00519nam a2200169Ia 4500 |
| 003 - CONTROL NUMBER IDENTIFIER | |
| control field | SGT |
| 020 ## - INTERNATIONAL STANDARD BOOK NUMBER | |
| International Standard Book Number | 9788131806005 |
| 082 ## - DEWEY DECIMAL CLASSIFICATION NUMBER | |
| Classification number | 5.13 |
| Item number | SHA |
| 100 ## - MAIN ENTRY--PERSONAL NAME | |
| Personal name | Sharma,Anand |
| 245 ## - TITLE STATEMENT | |
| Title | Theory of automata and formal languages |
| 250 ## - EDITION STATEMENT | |
| Edition statement | 2nd Ed. |
| 260 ## - PUBLICATION, DISTRIBUTION, ETC. (IMPRINT) | |
| Name of publisher, distributor, etc | University Science Press |
| Place of publication, distribution, etc | N. Delhi |
| Year of Publication | 2009 |
| 300 ## - PAGE DESCRIPTION | |
| No. of Pages | 522p. |
| 650 ## - SUBJECT ADDED ENTRY--TOPICAL TERM | |
| Topical term or geographic name as entry element | COMPUTER SCIENCE |
| 653 ## - KEYWORDS--INDEX TERM | |
| Keyword term | INTRODUCTION,INTRODUCTION TO FINITE AUTOMATA,INTRODUCTION OF REGULAR EXPRESSION,INTRO,PUSH-DOWN-AUTOMATA,TURING-MACHINE,FUNCTIONS |
| 942 ## - ADDED ENTRY ELEMENTS (KOHA) | |
| Source of classification or shelving scheme | Dewey Decimal Classification |
| Koha item type | Books |
| 942 ## - ADDED ENTRY ELEMENTS (KOHA) | |
| -- | 8 |
| Withdrawn status | Lost status | Source of classification or shelving scheme | Damaged status | Not for loan | Home library | Current library | Date acquired | SGTU | Total Checkouts | Full call number | Accession No. (Barcode) | Date last seen | Date last borrowed | Bill Date | Koha item type | Use restrictions | Shelving location | Total Renewals | Checked out |
|---|---|---|---|---|---|---|---|---|---|---|---|---|---|---|---|---|---|---|---|
| Dewey Decimal Classification | SGT Engineering Library | SGT Engineering Library | 28/04/2010 | SGTU | 7 | 5.13 SHA | FE2055 | 17/09/2025 | 30/08/2025 | 09/02/2015 | Books | ||||||||
| Dewey Decimal Classification | Not For Loan | SGT Engineering Library | SGT Engineering Library | 28/04/2010 | SGTU | 5.13 SHA | FE2056 | 09/02/2015 | 09/02/2015 | Books | Restricted Access | Reference Book | |||||||
| Dewey Decimal Classification | SGT Engineering Library | SGT Engineering Library | 28/04/2010 | SGTU | 11 | 5.13 SHA | FE2057 | 25/01/2025 | 25/01/2025 | 09/02/2015 | Books | 2 | |||||||
| Dewey Decimal Classification | SGT Engineering Library | SGT Engineering Library | 28/04/2010 | SGTU | 10 | 5.13 SHA | FE2058 | 09/08/2023 | 09/08/2023 | 09/02/2015 | Books | 2 | 08/10/2023 | ||||||
| Dewey Decimal Classification | SGT Engineering Library | SGT Engineering Library | 28/04/2010 | SGTU | 4 | 5.13 SHA | FE2059 | 18/08/2025 | 11/08/2025 | 09/02/2015 | Books | 1 |